[Event "London CC-ch A"]
[Site "London"]
[Date "2009.05.07"]
[Round "8"]
[White "Coleman, Mike"]
[Black "Surlan, Dan"]
[Result "1-0"]
[WhiteElo "2101"]
[BlackElo "2159"]
[PlyCount "57"]
[EventDate "2009.03.19"]
[EventType "tourn"]
[EventRounds "12"]
[EventCountry "CAN"]
[SourceTitle "EXT 2022"]
[Source "ChessBase"]
[SourceDate "2021.10.06"]
[SourceVersion "1"]
[SourceVersionDate "2021.10.06"]
[SourceQuality "1"]

1. e4 e5 2. Nf3 Nc6 3. Bc4 Bc5 4. c3 Nf6 5. d3 d6 6. Bb3 h6 7. h3 Bb6 8. 0-0 0-0 9. Re1 Be6 10. Bc2 Qe7 11. Nbd2 Qd7 12. Nf1 Rae8 13. Ba4 Qc8 14. Ng3 Bd7 15. Nh4 Ne7 16. Bxd7 Qxd7 17. Nhf5 Ng6 18. Qf3 Qe6 19. h4 Kh7 20. h5 Ne7 21. Nxe7 Rxe7 22. Nf5 Ree8 23. g4 Ng8 24. g5 hxg5 25. Bxg5 Nh6 26. Kh2 c6 27. Rg1 Rg8 28. Rg2 Bd8 29. Rag1 1-0

[Event "London CC-ch A"]
[Site "London"]
[Date "2009.04.30"]
[Round "7"]
[White "Coleman, Mike"]
[Black "Zendrowski, Jay"]
[Result "0-1"]
[WhiteElo "2101"]
[BlackElo "2275"]
[PlyCount "62"]
[EventDate "2009.03.19"]
[EventType "tourn"]
[EventRounds "12"]
[EventCountry "CAN"]
[SourceTitle "EXT 2022"]
[Source "ChessBase"]
[SourceDate "2021.10.06"]
[SourceVersion "1"]
[SourceVersionDate "2021.10.06"]
[SourceQuality "1"]

1. d4 d5 2. Nf3 Nf6 3. c4 e6 4. Nc3 c6 5. e3 a6 6. Qc2 Nbd7 7. e4 dxe4 8. Nxe4 Nxe4 9. Qxe4 Bb4+ 10. Bd2 Nf6 11. Qc2 Bxd2+ 12. Qxd2 0-0 13. Bd3 c5 14. dxc5 Qc7 15. 0-0 e5 16. Qc2 Qxc5 17. Rfe1 Re8 18. Ng5 h6 19. Ne4 Nxe4 20. Bxe4 Be6 21. Rac1 Re7 22. Bh7+ Kf8 23. Bf5 Rd8 24. Bxe6 Rxe6 25. Qc3 Rd4 26. b4 Qe7 27. g3 Red6 28. c5 R6d5 29. a3 Rd3 30. Qb2 Qf6 31. Rc3 Rd2 0-1

[Event "London CC-ch A"]
[Site "London"]
[Date "2009.04.27"]
[Round "4"]
[White "Mandoshkin, Jake"]
[Black "Coleman, Mike"]
[Result "0-1"]
[WhiteElo "1959"]
[BlackElo "2101"]
[PlyCount "58"]
[EventDate "2009.03.19"]
[EventType "tourn"]
[EventRounds "12"]
[EventCountry "CAN"]
[SourceTitle "EXT 2022"]
[Source "ChessBase"]
[SourceDate "2021.10.06"]
[SourceVersion "1"]
[SourceVersionDate "2021.10.06"]
[SourceQuality "1"]

1. e4 c5 2. Nf3 d6 3. d4 cxd4 4. Nxd4 Nf6 5. Nc3 g6 6. Be3 Bg7 7. Be2 0-0 8. h4 h5 9. f3 Nc6 10. Qd2 Bd7 11. 0-0 Ne5 12. Rf2 Rc8 13. b3 Nh7 14. Nd5 e6 15. Nf4 Qxh4 16. Rd1 g5 17. g3 Qxg3+ 18. Rg2 Qh4 19. Rh2 Qg3+ 20. Ng2 Nc6 21. Nxc6 Bxc6 22. Rxh5 d5 23. Bf2 Qe5 24. Bd4 Qxd4+ 25. Qxd4 Bxd4+ 26. Rxd4 e5 27. Rb4 a5 28. Rb6 dxe4 29. fxe4 Bxe4 0-1

[Event "London CC-ch A"]
[Site "London"]
[Date "2009.04.16"]
[Round "5"]
[White "Coleman, Mike"]
[Black "Francis, Robert James"]
[Result "1/2-1/2"]
[WhiteElo "2101"]
[BlackElo "1909"]
[PlyCount "27"]
[EventDate "2009.03.19"]
[EventType "tourn"]
[EventRounds "12"]
[EventCountry "CAN"]
[SourceTitle "EXT 2022"]
[Source "ChessBase"]
[SourceDate "2021.10.06"]
[SourceVersion "1"]
[SourceVersionDate "2021.10.06"]
[SourceQuality "1"]

1. e4 c6 2. d4 d5 3. exd5 cxd5 4. Bd3 Nf6 5. Nf3 Bg4 6. 0-0 Nc6 7. c3 e6 8. Re1 Qc7 9. h3 Bh5 10. Nbd2 Bd6 11. Nf1 Bg6 12. Ne3 Bxd3 13. Qxd3 0-0 14. Ng4 1/2-1/2